Business Economics And Sustainable Development : The Emerging Issues (Record no. 43448)

MARC details
000 -LEADER
fixed length control field 01707cam a2200373 i 4500
001 - CONTROL NUMBER
control field 22934893
005 - DATE AND TIME OF LATEST TRANSACTION
control field 20250327152455.0
008 - FIXED-LENGTH DATA ELEMENTS--GENERAL INFORMATION
fixed length control field 230120s2020 ii d b 100 0 eng
010 ## - LIBRARY OF CONGRESS CONTROL NUMBER
LC control number 2022339493
020 ## - INTERNATIONAL STANDARD BOOK NUMBER
International Standard Book Number 9789389867947
025 ## - OVERSEAS ACQUISITION NUMBER
Overseas acquisition number I-E-2022339493; 79-90
041 ## - LANGUAGE CODE
Language code of text/sound track or separate title eng
042 ## - AUTHENTICATION CODE
Authentication code lcode
-- pcc
082 ## - DEWEY DECIMAL CLASSIFICATION NUMBER
Classification number 333.7 DAT
100 ## - MAIN ENTRY--PERSONAL NAME
Author Datta, Manipadma
245 00 - TITLE STATEMENT
Title Business Economics And Sustainable Development : The Emerging Issues
260 ## - PUBLICATION, DISTRIBUTION, ETC.
Place New Dehli
Publisher Bloomsbury Professional I
Publication Year 2020
300 ## - PHYSICAL DESCRIPTION
Extent 351 pages :
Other physical details charts ;
Dimensions 24 cm
500 ## - GENERAL NOTE
Keywords "Many chapters are selected from the papers presented at the Annual International Conference on Business Economics and Sustainable Development (ICBESD-2019) organized by the TERI School of Advanced Studies in January 2019."--Cover back.
504 ## - BIBLIOGRAPHY, ETC. NOTE
Bibliography, etc. note Includes bibliographical references.
520 ## - SUMMARY, ETC.
Summary, etc. TERI School of Advanced Studies announces its 2nd International Conference on Business, Economics and Sustainable Development (ICBESD-2019) in collaboration with Government of India Rooftop Solar Technical Assistance Program supported by World Bank on January 17-18, 2019 focus on solar energy along with other usual tracks.
650 #0 - SUBJECT ADDED ENTRY--TOPICAL TERM
Subject Sustainable development
650 #0 - SUBJECT ADDED ENTRY--TOPICAL TERM
Subject Economic development
700 1# - ADDED ENTRY--PERSONAL NAME
Co-Author Datta, Manipadma,
700 1# - ADDED ENTRY--PERSONAL NAME
Co-Author Mahajan, Ritika,
700 1# - ADDED ENTRY--PERSONAL NAME
Co-Author Bose, Montu,
942 ## - ADDED ENTRY ELEMENTS (KOHA)
Koha item type Books
264 #1 - PRODUCTION, PUBLICATION, DISTRIBUTION, MANUFACTURE, AND COPYRIGHT NOTICE
Place of production, publication, distribution, manufacture New Delhi :
Name of producer, publisher, distributor, manufacturer Bloomsbury Publishing India Pvt Ltd,
Date of production, publication, distribution, manufacture, or copyright notice 2020.
336 ## - CONTENT TYPE
Content type term text
Content type code txt
Source rdacontent
337 ## - MEDIA TYPE
Media type term unmediated
Media type code n
Source rdamedia
338 ## - CARRIER TYPE
Carrier type term volume
Carrier type code nc
Source rdacarrier
906 ## - LOCAL DATA ELEMENT F, LDF (RLIN)
a 7
b cbc
c origode
d 3
e ncip
f 20
g y-gencatlg
Holdings
Withdrawn status Lost status Source of classification or shelving scheme Damaged status Not for loan Home library Current library Shelving location Accession Date Vendor Price Bill number Total Checkouts Full call number Barcode No Date last seen Discount Bill Date Koha item type Suggested By
    Dewey Decimal Classification     IMTN IMTN Rack 12-B 03/24/2025 Raghav Books Private Limited 1199.00 2374   333.7 DAT 33739 03/27/2025 30 02/14/2025 Books Dr. Veena Pailwar
Designed & Maintained by: LRC IMT Nagpur Contact: lrc@imtnag.ac.in© 2024. All Rights Reserved.